| 000 | 00624nam a2200145Ia 4500 | ||
|---|---|---|---|
| 008 | 151213s9999 xx 000 0 und d | ||
| 100 | _aবিশ্ব সাহিত্য কেন্দ্র | ||
| 245 |
_aবাংলা সাহিত্যে নির্বাচিত ছোট গল্প। _cবিশ্ব সাহিত্য কেন্দ্র |
||
| 260 |
_aঢাকা _bবিশ্ব সাহিত্য কেন্দ্র। _c1989 |
||
| 300 | _a8317 p. | ||
| 650 | _aBangla | ||
| 650 | _aBangla | ||
| 700 | _aবিশ্ব সাহিত্য কেন্দ্র | ||
| 999 |
_c4160 _d4160 |
||